[Event "C'Chartres Blitz op April"]
[Site "Europe Echecs INT"]
[Date "2021.04.10"]
[Round "1"]
[White "Javadzadeh, Kenan"]
[Black "Santos Latasa, Jaime"]
[Result "0-1"]
[WhiteElo "1717"]
[BlackElo "2608"]
[PlyCount "62"]
[EventDate "2021.04.10"]
[EventType "swiss (blitz)"]
[EventRounds "11"]
[EventCountry "FRA"]
[SourceTitle "CBM 201 Extra"]
[Source "ChessBase"]
[SourceDate "2021.05.31"]
[SourceVersion "1"]
[SourceVersionDate "2021.05.31"]
[SourceQuality "1"]

1. e4 c5 2. Nf3 e6 3. d4 cxd4 4. Nxd4 Nc6 5. Nb5 d6 6. Bf4 e5 7. Be3 a6 8. N5c3 Nf6 9. Bg5 Be7 10. Bxf6 Bxf6 11. Nd5 0-0 12. Nbc3 Be6 13. Bc4 Bg5 14. a4 Rc8 15. Bb3 Nd4 16. 0-0 Kh8 17. a5 Rc5 18. Ba2 g6 19. b4 Rc8 20. f4 Bh6 21. f5 gxf5 22. exf5 Bxf5 23. Qh5 Qg5 24. Qxg5 Bxg5 25. Na4 Rxc2 26. Nab6 Be4 27. Rf2 Ne2+ 28. Kf1 Bd3 29. Ke1 Nd4 30. Rd1 Be3 31. Rxc2 Nxc2# 0-1

[Event "Cappelle Online Blitz op"]
[Site "Europe Echecs INT"]
[Date "2021.03.07"]
[Round "3"]
[White "Poschadel, Andreas Gregor"]
[Black "Javadzadeh, Kenan"]
[Result "1-0"]
[WhiteElo "2061"]
[BlackElo "1717"]
[PlyCount "43"]
[EventDate "2021.03.07"]
[EventType "swiss (blitz)"]
[EventRounds "11"]
[EventCountry "FRA"]
[SourceTitle "CBM 201 Extra"]
[Source "ChessBase"]
[SourceDate "2021.05.31"]
[SourceVersion "1"]
[SourceVersionDate "2021.05.31"]
[SourceQuality "1"]

1. e4 c5 2. Nc3 Nc6 3. Bb5 g6 4. Bxc6 bxc6 5. d3 Bg7 6. Be3 e6 7. Bxc5 d6 8. Be3 Ne7 9. Qd2 d5 10. Bh6 0-0 11. h4 Rb8 12. h5 dxe4 13. hxg6 fxg6 14. Bxg7 Kxg7 15. Qh6+ Kf7 16. Qxh7+ Ke8 17. Nxe4 Rxb2 18. Qg7 Qa5+ 19. Kf1 Rxc2 20. Rh7 Nf5 21. Nd6+ Kd8 22. Qxf8# 1-0

[Event "Cappelle Online Blitz op"]
[Site "Europe Echecs INT"]
[Date "2021.03.07"]
[Round "1"]
[White "Urazayev, Arystanbek"]
[Black "Javadzadeh, Kenan"]
[Result "1-0"]
[WhiteElo "2429"]
[BlackElo "1717"]
[PlyCount "137"]
[EventDate "2021.03.07"]
[EventType "swiss (blitz)"]
[EventRounds "11"]
[EventCountry "FRA"]
[SourceTitle "CBM 201 Extra"]
[Source "ChessBase"]
[SourceDate "2021.05.31"]
[SourceVersion "1"]
[SourceVersionDate "2021.05.31"]
[SourceQuality "1"]

1. c4 Nf6 2. Nc3 g6 3. g3 Bg7 4. Bg2 0-0 5. Nf3 d6 6. 0-0 Nc6 7. d3 e5 8. Rb1 Ne7 9. b4 Ne8 10. b5 f5 11. Bd2 h6 12. a4 g5 13. a5 Ng6 14. Ne1 Rf7 15. a6 Rb8 16. Bd5 f4 17. Ne4 Nf6 18. Nxf6+ Qxf6 19. Bxf7+ Kxf7 20. e4 Bh3 21. Ng2 f3 22. Ne3 h5 23. axb7 h4 24. Nd5 Qe6 25. Qxf3+ Kg8 26. Bxg5 hxg3 27. fxg3 Rxb7 28. Qh5 Bg4 29. Qxg6 Qxg6 30. Ne7+ Kh7 31. Nxg6 Kxg6 32. Be3 Be2 33. Rfd1 Bxd1 34. Rxd1 c6 35. bxc6 Rc7 36. Ra1 Rxc6 37. Rxa7 Bf6 38. Rd7 Ra6 39. Kg2 Ra3 40. Rxd6 Kf7 41. c5 Rc3 42. h4 Be7 43. Rd5 Ke6 44. Kf3 Rc2 45. h5 Rh2 46. g4 Rh3+ 47. Ke2 Rh2+ 48. Kf1 Rh3 49. Bf2 Rf3 50. Ke2 Rh3 51. c6 Bd6 52. Bc5 Bc7 53. Rd7 Rh2+ 54. Kf1 Ba5 55. Re7+ Kf6 56. c7 Bxc7 57. Rxc7 Kg5 58. Rg7+ Kf4 59. g5 Kf3 60. h6 Rc2 61. Rf7+ Kg4 62. Be3 Ra2 63. h7 Ra8 64. g6 Kg3 65. g7 Ra1+ 66. Ke2 Ra2+ 67. Bd2 Kh4 68. h8Q+ Kg4 69. g8Q# 1-0